000 00312nam a22001457a 4500
008 231124b ||||| |||| 00| 0 eng d
020 _a0934659087
041 _aeng
080 _a618
082 _a618FRE
100 _a15
101 _aGJINEK
245 _aABORTIN HANBOOK
_cFREDERICK .A
942 _2udc
_cBK
999 _c60519
_d60519